Αφιέρωμα εις Κωνσταντίνον Ν. Ρόκαν
Saved in:
| Format: | Book |
|---|---|
| Language: | Greek |
| Published: |
Αθήνα :
Σάκκουλας,
1985
|
| Subjects: | |
| Tags: |
Add Tag
No Tags, Be the first to tag this record!
|
MARC
| LEADER | 00000nam a2200000 i 4500 | ||
|---|---|---|---|
| 001 | 1/47982 | ||
| 008 | 960312s1985 gre d | ||
| 035 | |l 10026593 | ||
| 040 | |a GR-MY-UA |b gre |e aacr | ||
| 041 | 0 | |a gre | |
| 082 | 0 | |a 340 | |
| 245 | 1 | 0 | |a Αφιέρωμα εις Κωνσταντίνον Ν. Ρόκαν / |c Σύνδεσμος Ελλήνων εμπορικολόγων |
| 260 | |a Αθήνα : |b Σάκκουλας, |c 1985 | ||
| 300 | |a 688 σ. | ||
| 600 | 1 | 0 | |a Ρόκας Κωνσταντίνος Ν. |
| 650 | 0 | 0 | |a Law |z Greece. |
| 852 | |a INST |b CHIOS |e 19960312 |h 340 ΑΦΙ |p 005200002691 |q 005200002691 |t BK |y 0 | ||
| 909 | |a Χ |b 029812 | ||